Statistics for Man Utd vs.... All-Time Record in European Knockout Stages

Click here to take the quiz!

General Stats

  • This quiz has been taken 113 times
  • The average score is 13 of 20

Answer Stats

Times PlayedClubCountryWDLGD% Correct
13BarcelonaSpain346-9
100%
11Bayern MunichGermany254-3
99%
14JuventusItaly6260
98%
11Real MadridSpain245-5
98%
11BenficaPortugal82114
88%
10MilanItaly615-2
87%
8PortoPortugal3323
81%
6Borussia DortmundGermany3128
77%
8RomaItaly51212
67%
10ValenciaSpain2622
66%
6GalatasarayTurkey2314
64%
6PSV EindhovenNetherlands2220
59%
8AnderlechtBelgium51217
58%
6OlympiacosGreece5019
54%
6CSKA MoscowRussia5206
52%
6BaselSwitzerland2223
39%
6FenerbahceTurkey3034
37%
6Bayer LeverkusenGermany42010
29%
6LilleFrance3212
29%
6Deportivo La CorunaSpain3031
16%

Score Distribution

Percentile by Number Answered

Percent of People with Each Score

Your Score History

You have not taken this quiz